000 00409nam a2200133Ia 4500
005 20260326235439.0
008 260326s9999||||xx |||||||||||||| ||und||
100 _aSaldarriaga Roa, Alberto
245 0 _aMonumentos Nacionales de Colombia :
_b La huella, la Memoria, la Historia /
_cAlberto Saldarriaga Roa
260 _bEl Áncora Editores
300 _a165 p.
650 _aARQUITECTURA REGIONAL
942 _cBK
999 _c7357
_d7357